000
00308nam a22001337a 4500
008
170627b xxu||||| |||| 00| 0 eng d
020
_a
9781457661686
041
_a
eng
080
_2
3 ED
_a
811
100
_a
21
101
_a
GJL
245
_a
INQUIRY TO ACADEMIC WRITING
_c
GREENE.S
942
_2
udc
_c
BK
999
_c
19217
_d
19217